| 000 | 00392nam a22001337a 4500 | ||
|---|---|---|---|
| 999 |
_c4069 _d4069 |
||
| 008 | 200715b ||||| |||| 00| 0 eng d | ||
| 082 | 0 | 0 |
_223rd ed. _a623.87 _bT2381 |
| 100 |
_91374 _aTaylor, D. A. |
||
| 245 | 1 | 0 |
_aIntroduction to marine engineering / _cD. A. Taylor |
| 260 |
_aLondon: _bEnglish Language Book Society, _c1983. |
||
| 300 | _a360 p. | ||
| 650 | 0 | _aMarine Engineering | |
| 942 | _cBK | ||